000 00720nam a2200265Ia 4500
003 OSt
005 20220912150642.0
006 a|||||r|||| 00| 0
007 ta
008 220909b |||||||| |||| 00| 0 eng d
024 _a20824
037 _cTextual
040 _aCSL
_beng
_cCSL
041 _aeng
082 _aB2811, M311
100 _aChung K L
245 0 _aIntroduction to stochastic integration
260 _aBoston
_bBirkhauser
_c1983
300 _axiii,191p.
_ccm.
490 _aProgress in Probability an d Statistics
500 _aBibliography 185-188p
700 _a Williams R J
942 _hB2811, M311
_cTEXL
_2CC
999 _c51858
_d51858